Statistics for Random Geography #1

Click here to take the quiz!

General Stats

  • This quiz has been taken 22 times
    (19 since last reset)
  • The average score is 6 of 10

Answer Stats

QuestionAnswer% Correct
Country with the most oil exported per year?Saudi Arabia
88%
2nd Longest river in Europe?Danube
81%
Capital of North Korea?Pyongyang
81%
One of the capitals on the above?Vienna / Bratislava / Budapest / Belgrade
81%
Biggest Balearic Island?Mallorca / Majorca
75%
Modern-day county where the above was?Iraq
63%
Country with the most muslims?India
50%
Egypt's 3rd biggest city?Giza
44%
Oldest civilization in the world?Mesopotamia
44%
River on the above?{Taedong} River
0%

Score Distribution

Percentile by Number Answered

Percent of People with Each Score

Your Score History

You have not taken this quiz since the last reset